000 00531nam a2200181Ia 4500
008 090124s9999 xx 000 0 und d
082 _b124802
100 _aपोखरकर प्रशांत
245 _a पराभूत माणस
250 _a1
260 _c1991
300 _a135
600 _aपोखरकर प्रशांत
630 _a पराभूत माणस
700 _aपोखरकर प्रशांत
730 _a पराभूत माणस
942 _cBOOK
999 _c170889
_d170889